000
00337nam a2200145Ia 4500
008
230718s9999 xx 000 0 und d
041
_a
Eng.
082
_a
923.154
_b
ROO-I
100
_a
Roomi Dr. M. Azam
245
0
_a
Inqalab Pakistan
260
_a
Pakistan
_b
Jhamori Publishers
_c
2013
300
_a
157
650
_a
Law
999
_c
31660
_d
31660